LIBRARY & INFORMATION CENTRE, KCAET, TAVANUR

ONLINE PUBLIC ACCESS CATALOGUE (OPAC)

Electrical engineering: Objective type multiple choice questions and answers / (Record no. 10359)

MARC details
000 -LEADER
fixed length control field 00527cam a2200205ua 4500
041 ## - LANGUAGE CODE
Language code of text/sound track or separate title eng
082 ## - DEWEY DECIMAL CLASSIFICATION NUMBER
Classification number 621.3
Item number GUP/EL
100 ## - MAIN ENTRY--AUTHOR NAME
Personal name Gupta, R R .
245 ## - TITLE STATEMENT
Title Electrical engineering: Objective type multiple choice questions and answers /
250 ## - EDITION STATEMENT
Edition statement 1 /
260 ## - PUBLICATION, DISTRIBUTION, ETC. (IMPRINT)
Place of publication Delhi :
Name of publisher Khanna publishers ,
Year of publication 1992.
300 ## - PHYSICAL DESCRIPTION
Number of Pages 310 ; .
500 ## - GENERAL NOTE
General note *CSS
942 ## - ADDED ENTRY ELEMENTS (KOHA)
Koha item type Books
Holdings
Withdrawn status Lost status Damaged status Home library Current library Shelving location Date acquired Full call number Accession Number Koha item type
      KAUAET KAUAET Scheme 03/09/2018 621.3 GUP/EL 17971 Books
      KAUAET KAUAET Scheme 03/09/2018 621.3 GUP/EL 17970 Books
free website counter